| 000 | 00487 a2200145 4500 | ||
|---|---|---|---|
| 001 | ART_2875 | ||
| 005 | 20260410161710.0 | ||
| 008 | 260409a | ||
| 245 | 1 | 0 | _aConstrucción de modelos de insumo-producto en la República Argentina |
| 100 | 1 | _aFernández Balmaceda, Osvaldo | |
| 700 | 1 | _aBajraj, Reynaldo F. | |
| 700 | 1 | _aCalvo, Guillermo A. | |
| 700 | 1 | _aPierkarz, Julio A. | |
| 773 | 0 |
_tDesarrollo económico _g- Vol. 5, Nº 17/19 T.2 (abr./dic. 1965) _wREV1174 |
|
| 999 |
_c16026 _d16026 |
||